| 000 | 00952nam1a22002531 4500 | ||
|---|---|---|---|
| 001 | rc\4426296 | ||
| 005 | 20130416154953.9 | ||
| 035 | _a(NLR Aleph) 008309401 | ||
| 090 |
_a8687251 _c8687251 |
||
| 100 | _a20130416d1959 |||y0rusy50 ca | ||
| 101 | 0 | _arus | |
| 102 | _aRU | ||
| 105 | _ay z ||||| | ||
| 200 | 1 |
_aУроки русского языка в IV классе 2 отделения школы тугоухих _fПод ред. д-ра пед. наук Р.М. Боскис _gАкад. пед. наук РСФСР. Ин-т дефектологии. Ч. 1- |
|
| 210 |
_aМосква _cБ. и. _d1959 |
||
| 215 | _d29 | ||
| 300 | _aЛитогр. | ||
| 700 | 1 |
_aЗикеев _bА. Г. _f1921-2009 _gАнатолий Георгиевич _3RU\NLR\AUTH\770222212 |
|
| 701 | 1 |
_aКоровин _bК. Г. _gКирилл Георгиевич |
|
| 801 | 0 |
_aRU _bNLR _gpsbo |
|
| 801 | 1 |
_aRU _bELAR _2rusmarc |
|
| 852 |
_aNLR _j60-8/919 |
||
| 942 | _cBOOK | ||
| 980 | _aNB | ||